LEADER 00874nam0-2200313---450- 001 990008774270403321 005 20090327082231.0 010 $a9788817016421 035 $a000877427 035 $aFED01000877427 035 $a(Aleph)000877427FED01 035 $a000877427 100 $a20081205d2007----km-y0itay50------ba 101 0 $aita 102 $aIT 105 $ay---n-----00yy 200 1 $a<>ritorno della vendetta$epena di morte: giustizia o assassinio?$fEva Cantarella 210 $a[Milano]$cBUR$d2007 215 $a186 p.$d20 cm 225 1 $aBUR$iSaggi 676 $a364.66$v21$zita 700 1$aCantarella,$bEva$f<1936->$0144284 801 0$aIT$bUNINA$gRICA$2UNIMARC 901 $aBK 912 $a990008774270403321 952 $aDirez. C-153$b9959 ddr$fDDR$m21-12154 959 $aDDR 996 $aRitorno della vendetta$985513 997 $aUNINA LEADER 01344nam0 22002773i 450 001 SUN0084727 005 20110711122127.779 010 $a978-88-631-0268-0 100 $a20110711d2010 |0itac50 ba 101 $aita 102 $aIT 105 $a|||| ||||| 200 1 $aˆIl ‰preposto, il datore di lavoro ed i dirigenti nella sicurezza sul lavoro$ecompiti, responsabilità, deleghe secondo D.Lgs. 81/08, aggiornato dal D.Lgs. 106/09$ein appendice le particolarità per i servizi con specifiche esigenze, quali le Forze Armate, le Università , gli Istituti d'Istruzione ecc.$fAntonio Porpora 205 $a3. ed 210 $aRoma$cEPC$d2010 215 $a352 p.$d22 cm. 410 1$1001SUN0052609$12001 $aSicurezza$1210 $aRoma$cEPC. 620 $dRoma$3SUNL000360 700 1$aPorpora$b, Antonio$3SUNV041473$0726254 712 $aEdizioni di protezione civile$3SUNV005611$4650 801 $aIT$bSOL$c20181109$gRICA 912 $aSUN0084727 950 $aUFFICIO DI BIBLIOTECA DEI DIPARTIMENTI DI INGEGNERIA$d05 CONS I I 104 $e05 5748 995 $aUFFICIO DI BIBLIOTECA DEI DIPARTIMENTI DI INGEGNERIA$bIT-CE0100$h5748$kCONS I I 104$oc$qa 996 $aPreposto, il datore di lavoro ed i dirigenti nella sicurezza sul lavoro$91409474 997 $aUNICAMPANIA